Cost accounting: theory and applications
Saved in:
| Main Authors: | , |
|---|---|
| Format: | Book |
| Language: | English |
| Published: |
Cincinnati
South-Western
1985
|
| Subjects: | |
| Tags: |
Add Tag
No Tags, Be the first to tag this record!
|
MARC
| LEADER | 00000nam a2200000 a 4500 | ||
|---|---|---|---|
| 001 | UCQ0247 | ||
| 003 | CL-VaPUC | ||
| 008 | 980627e19850000US |||||||||||||||||eng|d | ||
| 082 | 0 | 4 | |a 658.151 |b FIS |2 21 |
| 100 | 0 | |a Fischer, Paul M |e author |9 413374 | |
| 700 | 0 | |a Frank, Werner G |e author |9 413375 | |
| 245 | 1 | 0 | |a Cost accounting: theory and applications |
| 300 | |a 602 p | ||
| 942 | |c BK | ||
| 945 | |d 19980627 00:00:00 |a cmena | ||
| 260 | |a Cincinnati |b South-Western |c 1985 | ||
| 650 | 0 | |a Administración financiera |9 261146 | |
| 650 | 0 | |a Contabilidad de costos |9 260564 | |
| 650 | 0 | |a Teoría de la decisión |9 357122 | |
| 650 | 0 | |a Toma de decisiones |9 257530 | |
| 650 | 0 | |a Costos |9 261063 | |
| 650 | 0 | |a Precios |9 260787 | |
| 650 | 0 | |a Operaciones administrativas |9 335045 | |
| 650 | 0 | |a Estados de cuentas |9 352305 | |
| 650 | 7 | |a PLANIFICACION Y CONTROL |2 CL-VaPUC |9 413376 | |
| 650 | 7 | |a PRESUPUESTO |2 CL-VaPUC |9 306206 | |
| 650 | 0 | |a Control presupuestario |9 345693 | |
| 583 | |a last modification |c 19980627 00:00:00 |k Rodrigo Vera | ||
| 999 | |c 271386 |d 271384 | ||
| 952 | |0 0 |1 0 |4 0 |6 658_151000000000000_FIS_1985 |7 0 |8 P |9 306027 |a BIBGIM |b BIBGIM |d 2019-11-20 |i 1426524 |o 658.151 FIS 1985 |p 1426524 |r 2025-01-15 |w 2019-11-20 |y BK |k COM | ||